| 000 | 01274cad a22002535a 4500 | ||
|---|---|---|---|
| 001 | L137582 | ||
| 008 | 070417e20070306xxk f l f000 0 eng d | ||
| 020 | _a9780110775166 | ||
| 035 | _a(Sirsi) u137582 | ||
| 041 | 0 | _aeng | |
| 110 | 2 |
_aScotland _kLaws, etc |
|
| 245 | 0 | 4 |
_aThe Radioactive Contaminated Land (Scotland) Regulations 2007 _h[electronic resource] |
| 260 |
_aLondon _OPSI _c2007 |
||
| 490 | 0 |
_aScottish Statutory Instrument _v2007: 179 |
|
| 520 | _aComes into force on 30 October 2007. Deals with the harm or pollution of the water environment which is attributable to the radioactivity in any substances. Provides for the identification and remediation of radioactive contaminated land and lays down basic safety standards for the protection of the health of workers and the general public against the dangers arising from ionising radiation. | ||
| 590 | _aKA NTK | ||
| 650 | 2 | 4 | _aRADIOACTIVE CONTAMINATED LAND (SCOTLAND) REGULATIONS 2007 |
| 650 | 2 | 4 | _aHAZARDOUS SUBSTANCES |
| 650 | 2 | 4 | _aWATER POLLUTION |
| 651 | 4 |
_aScotland _y1999- |
|
| 690 | _aPROPERTY-RURAL AND NATURAL ASSETS-LAND-CONTAMINATED LAND | ||
| 856 | 4 | 0 |
_uhttps://www.opsi.gov.uk/legislation/scotland/ssi2007/20070179.htm _zView the item free of charge at www.opsi.gov.uk... |
| 942 | _n0 | ||
| 999 |
_c106833 _d106833 |
||